Equity

Bewaard in:
Bibliografische gegevens
Hoofdauteur: J R Z. Chafee
Formaat: Boek
Taal:Undetermined
Gepubliceerd in: Brooklyn Foundation Press 1958
Onderwerpen:
Tags: Voeg label toe
Geen labels, Wees de eerste die dit record labelt!
Thư viện lưu trữ: Trung tâm Học liệu Trường Đại học Cần Thơ
LEADER 00447nam a2200181Ia 4500
001 CTU_25990
008 210402s9999 xx 000 0 und d
082 |a 346.004 
082 |b C433 
100 |a J R Z. Chafee 
245 0 |a Equity 
245 0 |c J R Z. Chafee 
260 |a Brooklyn 
260 |b Foundation Press 
260 |c 1958 
650 |a equity,law 
904 |i Minh, 981003 
980 |a Trung tâm Học liệu Trường Đại học Cần Thơ